[Event "GER-ch U17"]
[Site "Bad Bevensen"]
[Date "1994.08.04"]
[Round "7"]
[White "Michalk, Martin"]
[Black "Frank, Wolfgang"]
[Result "0-1"]
[WhiteElo "1798"]
[BlackElo "1829"]
[PlyCount "78"]
[EventDate "1994.07.28"]
[EventType "swiss"]
[EventRounds "9"]
[EventCountry "GER"]
[SourceTitle "EXT 2001"]
[Source "ChessBase"]
[SourceDate "2000.11.22"]
[SourceVersion "1"]
[SourceVersionDate "2000.11.22"]
[SourceQuality "1"]

1. e4 Nf6 2. Nc3 d5 3. e5 Nfd7 4. f4 e6 5. Nf3 Be7 6. d4 c5 7. Bd3 Nc6 8. dxc5 Nxc5 9. Be3 Bd7 10. 0-0 h6 11. f5 Nxd3 12. Qxd3 exf5 13. Nxd5 g5 14. Nf6+ Bxf6 15. exf6 Qxf6 16. Nd4 Ne5 17. Qa3 Nc4 18. Qb3 Nxe3 19. Qxe3+ Kf8 20. Nxf5 Bxf5 21. Qc5+ Kg7 22. Rxf5 Qxb2 23. Raf1 Rhf8 24. Qe7 Qb6+ 25. Kh1 Qe6 26. Qxb7 Qxa2 27. Qf3 Qe6 28. Rf6 Qe7 29. Qc3 Kg8 30. Qh3 Rae8 31. Qxh6 Qe5 32. h3 Re6 33. Rxe6 Qxe6 34. Qxg5+ Qg6 35. Qe5 Qxc2 36. Rf6 Rc8 37. Rh6 Qc1+ 38. Kh2 Qxh6 39. Qg3+ Qg6 0-1

[Event "GER-ch U17"]
[Site "Bad Bevensen"]
[Date "1994.08.03"]
[Round "6"]
[White "Michalk, Martin"]
[Black "Borchert, Chris"]
[Result "1-0"]
[WhiteElo "1798"]
[BlackElo "1916"]
[PlyCount "79"]
[EventDate "1994.07.28"]
[EventType "swiss"]
[EventRounds "9"]
[EventCountry "GER"]
[SourceTitle "EXT 2001"]
[Source "ChessBase"]
[SourceDate "2000.11.22"]
[SourceVersion "1"]
[SourceVersionDate "2000.11.22"]
[SourceQuality "1"]

1. e4 c6 2. d4 d5 3. Nc3 dxe4 4. Nxe4 Nd7 5. Bc4 e6 6. Nf3 Ngf6 7. Ng3 Nb6 8. Bd3 c5 9. 0-0 Be7 10. Bg5 cxd4 11. Nxd4 0-0 12. c3 h6 13. Bxf6 Bxf6 14. Nf3 Bd7 15. Nh5 e5 16. Qe2 Re8 17. Rad1 g6 18. Nxf6+ Qxf6 19. Be4 Qe6 20. b3 Bc6 21. Rd2 f5 22. Bxc6 bxc6 23. c4 e4 24. Nd4 Qf6 25. Rfd1 Rad8 26. Nc2 g5 27. g3 Kg7 28. Nd4 Kg6 29. Nc2 h5 30. Nb4 a5 31. Rxd8 Rxd8 32. Rxd8 Qxd8 33. Nxc6 Qa8 34. Nd4 Nd7 35. Qb2 Ne5 36. Qc3 Qd8 37. Kg2 g4 38. Ne2 Nf3 39. Nf4+ Kh6 40. Ne6 1-0